Атлас минералов россыпей

Dades bibliogràfiques
Autor principal: Захарова Е. М. Елена Михайловна
Autor corporatiu: Московский государственный университет им. М. В. Ломоносова геологический факультет, Российский фонд фундаментальных исследований
Sumari:Посвящается 250-летию Московского Государственного университета им. М. В. Ломоносова.
Обобщены результаты многолетних полевых и лабораторных исследований автора в ведущих россыпных районах Сибири, Дальнего Востока и Северо-Востока России, а также опыта преподавания в стенах Московского государственного университета им. М. В. Ломоносова. Морфология минералов россыпей иллюстрируется атласом, содержащим 60 цветных и 270 черно-белых микрофотографий, полученных в результате разработанных и выполненных автором специализированных микросъемок. Дается подробная характеристика 80-ти россыпеобразующих минералов, их диагностических признаков, коренных источников и поведения в зоне миграции. Физические и оптические свойства минералов сведены в серию диагностических таблиц. В приложениях приводятся схемы фракционирования шлихов и концентратов, сводные данные о константах минералов и минеральном составе россыпей. Книга предназначена для минералогов, геологов, литологов, технологов научно-исследовательских институтов, производственных организаций, а также для высших и средних специальных учебных заведений.
Idioma:rus
Publicat: Москва, Геос, 2006
Matèries:
Format: MixedMaterials Llibre
KOHA link:https://koha.lib.tpu.ru/cgi-bin/koha/opac-detail.pl?biblionumber=109251

MARC

LEADER 00000nam0a2200000 4500
001 109251
005 20231101214845.0
010 |a 5891183858 
035 |a (RuTPU)RU\TPU\book\117933 
090 |a 109251 
100 |a 20070202d2006 km y0rusy50 ca 
101 0 |a rus 
102 |a RU 
105 |a a z 011zy 
200 1 |a Атлас минералов россыпей  |f Е. М. Захарова  |g Московский государственный университет им. М. В. Ломоносова, геологический факультет; Российский фонд фундаментальных исследований 
210 |a Москва  |c Геос  |d 2006 
215 |a 276 с.  |c ил. 
300 |a Посвящается 250-летию Московского Государственного университета им. М. В. Ломоносова. 
320 |a Библиогр.: с. 274-275. 
330 |a Обобщены результаты многолетних полевых и лабораторных исследований автора в ведущих россыпных районах Сибири, Дальнего Востока и Северо-Востока России, а также опыта преподавания в стенах Московского государственного университета им. М. В. Ломоносова. Морфология минералов россыпей иллюстрируется атласом, содержащим 60 цветных и 270 черно-белых микрофотографий, полученных в результате разработанных и выполненных автором специализированных микросъемок. Дается подробная характеристика 80-ти россыпеобразующих минералов, их диагностических признаков, коренных источников и поведения в зоне миграции. Физические и оптические свойства минералов сведены в серию диагностических таблиц. В приложениях приводятся схемы фракционирования шлихов и концентратов, сводные данные о константах минералов и минеральном составе россыпей. Книга предназначена для минералогов, геологов, литологов, технологов научно-исследовательских институтов, производственных организаций, а также для высших и средних специальных учебных заведений. 
606 1 |a Минералогия  |2 stltpush  |3 (RuTPU)RU\TPU\subj\43907  |9 63333 
610 1 |a россыпеобразующие минералы 
610 1 |a атласы 
610 1 |a магнитные минералы 
610 1 |a диамагнитные минералы 
610 1 |a диагностические таблицы 
610 1 |a физические свойства 
610 1 |a оптические свойства 
610 1 |a микрохимическая диагностика 
675 |a 549(084)  |v 3 
700 1 |a Захарова  |b Е. М.  |g Елена Михайловна 
712 0 2 |a Московский государственный университет им. М. В. Ломоносова  |b геологический факультет  |2 stltpush  |3 (RuTPU)RU\TPU\col\7 
712 0 2 |a Российский фонд фундаментальных исследований  |2 stltpush  |3 (RuTPU)RU\TPU\col\112 
801 1 |a RU  |b 63413507  |c 20070202  |g PSBO 
801 2 |a RU  |b 63413507  |c 20130315  |g PSBO 
942 |c BK